Welcome to CU Library Online Public Access Catalogue (OPAC)

Student Solutions Guide/ (Record no. 1640)

MARC details
000 -LEADER
fixed length control field 00565nam a22001817a 4500
005 - DATE AND TIME OF LATEST TRANSACTION
control field 20241127154243.0
008 - FIXED-LENGTH DATA ELEMENTS--GENERAL INFORMATION
fixed length control field 241127b |||||||| |||| 00| 0 eng d
020 ## - INTERNATIONAL STANDARD BOOK NUMBER
International Standard Book Number 9780618221639
050 ## - LIBRARY OF CONGRESS CALL NUMBER
Classification number QD31.3
Item number .Z86
100 ## - MAIN ENTRY--PERSONAL NAME
Personal name Zumdahl, Steven S.
245 ## - TITLE STATEMENT
Title Student Solutions Guide/
Remainder of title Chemistry
Statement of responsibility, etc. Steven S. Zumdahl, Susan Arena Zumdahl & Thomas J. Hummel
250 ## - EDITION STATEMENT
Edition statement 6th ed.
260 ## - PUBLICATION, DISTRIBUTION, ETC.
Place of publication, distribution, etc. Boston
Name of publisher, distributor, etc. Houghton Mifflin Company
Date of publication, distribution, etc. 2003
300 ## - PHYSICAL DESCRIPTION
Extent v.325p.
Other physical details ill.
Dimensions 27.5cm
700 ## - ADDED ENTRY--PERSONAL NAME
Personal name Zumdahl, Susana Arena
700 ## - ADDED ENTRY--PERSONAL NAME
Personal name Hummel, Thomas J.
942 ## - ADDED ENTRY ELEMENTS (KOHA)
Source of classification or shelving scheme Library of Congress Classification
Koha item type Books
Edition 6th ed.
Suppress in OPAC No
999 ## -
-- 1640
-- 1640
Holdings
Withdrawn status Lost status Source of classification or shelving scheme Damaged status Not for loan Collection Home library Current library Shelving location Date acquired Total checkouts Full call number Barcode Date last seen Copy number Price effective from Koha item type
    Library of Congress Classification     Non-fiction Science Library (Miotso) Science Library (Miotso) General stacks 11/27/2024   QD31.3 .Z86 ZUM SLM00000949 11/27/2024 1 11/27/2024 Books
© 2023-2024 Copyright: Central University Libraries. All Rights Reserved | Created by: Mahone Tech Office